| 000 | 01205cam a22003254a 4500 | ||
|---|---|---|---|
| 999 |
_c433 _d433 |
||
| 001 | 4049226 | ||
| 003 | GZU | ||
| 005 | 20200826145147.0 | ||
| 008 | 990430s1999 wiu 001 0 eng | ||
| 010 | _a 99031300 | ||
| 020 | _a0299166309 (cloth : alk. paper) | ||
| 020 | _a0299166341 (pbk. : alk. paper) | ||
| 040 |
_aDLC _cDLC _dDLC |
||
| 042 | _apcc | ||
| 043 | _afb----- | ||
| 050 | 0 | 0 |
_aBL482 _b.BEH 1999 |
| 245 | 0 | 0 |
_aSpirit possession, modernity and power in Africa / _cHeike Behrend, Ute Luig. |
| 260 |
_aMadison, WI : _bUniversity of Wisconsin Press, _c1999. |
||
| 300 | _axxii, 170p. : | ||
| 500 | _aIncludes bibliographical references and index. | ||
| 504 | _aIncludes bibliographical references and index. | ||
| 650 | 0 |
_aSpirit possession _zAfrica, Sub-Saharan. |
|
| 650 | 0 |
_aCults _zAfrica, Sub-Saharan. |
|
| 700 | 1 |
_aBehrend, Heike. _eeditor |
|
| 700 | 1 |
_aLuig, Ute. _eeditor |
|
| 856 | 4 | 2 |
_3Contributor biographical information _uhttp://www.loc.gov/catdir/enhancements/fy0666/99031300-b.html |
| 856 | 4 | 2 |
_3Publisher description _uhttp://www.loc.gov/catdir/enhancements/fy0666/99031300-d.html |
| 906 |
_a7 _bcbc _corignew _d1 _eocip _f19 _gy-gencatlg |
||
| 942 |
_2lcc _cBK _h482 _iBEH _kBL |
||